| 000 | 00617nam a2200241Ia 4500 | ||
|---|---|---|---|
| 003 | OSt | ||
| 005 | 20220924114411.0 | ||
| 006 | a|||||r|||| 00| 0 | ||
| 007 | ta | ||
| 008 | 220923b |||||||| |||| 00| 0 tam d | ||
| 020 | _c50.00 | ||
| 024 | _a350785 | ||
| 037 | _cTextual | ||
| 040 |
_aARTS _cARTS _btam |
||
| 041 |
_2tam _atam |
||
| 082 | _aO31:g, P1 | ||
| 245 | 0 |
_aTamil studies _b multi disciplinary perspectives |
|
| 260 |
_aBangalore _bKaavya India _c2001 |
||
| 300 |
_aX+108p. _ccm. |
||
| 650 | _aTAMIL LITERATURE | ||
| 942 |
_hO31:g, P1 _cTEXL _2CC |
||
| 999 |
_c393351 _d393351 |
||